| 000 | 01435nam a2200385Ii 4500 | ||
|---|---|---|---|
| 001 | DIGANT0071 | ||
| 003 | NyNyDIG | ||
| 006 | m o d | ||
| 007 | cr ||||||||||| | ||
| 008 | 120901s2008 sp a ob 000 0 spa d | ||
| 020 | _z9788476588475 | ||
| 020 | _z847658847x | ||
| 035 | _a(OCoLC)888253049 | ||
| 040 |
_aDGITA _beng _epn _cDGITA |
||
| 050 | 1 | 4 | _aHM656 eBook |
| 100 | 1 | _aBeriain, Josetxo. | |
| 245 | 1 | 0 |
_aAceleración y tiranía del presente : _bla metamorfosis en las estructuras temporales de la modernidad / _cJosetxo Beriain. |
| 250 | _a1. ed. | ||
| 264 | 1 |
_aRubí, Barcelona : _bAnthropos Editorial ; _aMéxico D.F. : _bUniversidad Autónoma Metropolitana, Unidad Iztapalapa, _c2008. |
|
| 300 |
_a1 online resource (222 pages) : _bill. |
||
| 336 |
_atext _btxt _2rdacontent |
||
| 337 |
_acomputer _bc _2rdamedia |
||
| 338 |
_aonline resource _bcr _2rdacarrier |
||
| 490 | 1 |
_aAutores, textos y temas. Ciencias sociales ; _v61 |
|
| 504 | _aIncludes bibliographical references (p. 207-220). | ||
| 650 | 0 | _aTime perception. | |
| 650 | 0 |
_aTime _xSocial aspects. |
|
| 655 | 0 | _aElectronic books. | |
| 791 | 2 |
_aDigitalia (Firm), _edistributor. |
|
| 830 | 0 |
_aAutores, textos y temas. _pCiencias sociales ; _v61. |
|
| 793 | 0 |
_gDigitalia eBook Collection: _aAnthropos |
|
| 856 | 4 | 0 |
_3Digitalia Hispánica _uhttps://www.digitaliapublishing.com/a/15655/ |
| 910 | _aPremium Collection: 2007-2012 | ||
| 942 | _cRAA | ||
| 999 |
_c234330 _d234330 |
||